He gave gifts unto men : (Record no. 61)
[ view plain ]
| 000 -LEADER | |
|---|---|
| fixed length control field | 00889cam a2200277 a 4500 |
| 001 - CONTROL NUMBER | |
| control field | 3472730 |
| 003 - CONTROL NUMBER IDENTIFIER | |
| control field | OSt |
| 005 - DATE AND TIME OF LATEST TRANSACTION | |
| control field | 20150916142347.0 |
| 008 - FIXED-LENGTH DATA ELEMENTS--GENERAL INFORMATION | |
| fixed length control field | 930105s1992 oku 000 0 eng |
| 010 ## - LIBRARY OF CONGRESS CONTROL NUMBER | |
| LC control number | 93100576 |
| 020 ## - INTERNATIONAL STANDARD BOOK NUMBER | |
| International Standard Book Number | 0892765178 |
| 040 ## - CATALOGING SOURCE | |
| Original cataloging agency | DLC |
| Transcribing agency | DLC |
| Modifying agency | DLC |
| 050 00 - LIBRARY OF CONGRESS CALL NUMBER | |
| Classification number | BV601.2 |
| Item number | .H34 1992 |
| 082 00 - DEWEY DECIMAL CLASSIFICATION NUMBER | |
| Classification number | 262/.1 |
| Edition number | 20 |
| 100 1# - MAIN ENTRY--PERSONAL NAME | |
| Personal name | Hagin, Kenneth E., |
| Dates associated with a name | 1917- |
| 245 10 - TITLE STATEMENT | |
| Title | He gave gifts unto men : |
| Remainder of title | a biblical perspective of apostles, prophets, and pastors / |
| Statement of responsibility, etc | Kenneth E. Hagin. |
| 260 ## - PUBLICATION, DISTRIBUTION, ETC. (IMPRINT) | |
| Place of publication, distribution, etc | Tulsa, OK : |
| Name of publisher, distributor, etc | Faith Library Publications, |
| Date of publication, distribution, etc | c1992. |
| 300 ## - PHYSICAL DESCRIPTION | |
| Extent | 276 p. ; |
| Dimensions | 22 cm. |
| 650 #0 - SUBJECT ADDED ENTRY--TOPICAL TERM | |
| Topical term or geographic name as entry element | Apostolate (Christian theology) |
| Topical term or geographic name as entry element | Prophecy |
| General subdivision | Christianity. |
| Topical term or geographic name as entry element | Clergy |
| General subdivision | Office. |
| Topical term or geographic name as entry element | Church polity. |
| 906 ## - LOCAL DATA ELEMENT F, LDF (RLIN) | |
| a | 7 |
| b | cbc |
| c | orignew |
| d | 3 |
| e | ncip |
| f | 19 |
| g | y-gencatlg |
| 942 ## - ADDED ENTRY ELEMENTS (KOHA) | |
| Source of classification or shelving scheme | Library of Congress Classification |
| Koha item type | Long Loan Books |
| Withdrawn status | Lost status | Source of classification or shelving scheme | Damaged status | Not for loan | Collection code | Home library | Current library | Shelving location | Date acquired | Total Checkouts | Full call number | Barcode | Date last seen | Date checked out | Price effective from | Koha item type |
|---|---|---|---|---|---|---|---|---|---|---|---|---|---|---|---|---|
| Library of Congress Classification | Non-fiction | Rongo University Library | Rongo University Library | General Stacks | 16/09/2015 | 5 | BV601.2 .H34 1992 | 20090306 | 21/02/2023 | 07/02/2023 | 16/09/2015 | Long Loan Books |
